LEADER 01055nam1 2200289 i 450 001 SUN0047500 005 20090929120000.0 100 $a20060711g1987 |0itac50 ba 101 $aita 102 $aIT 105 $a|||| ||||| 200 1 $aStoria della Calabria$fdiretta da Gaetano Cingari 210 $aRoma$cGangemi$d1987- 215 $av.$d30 cm. 463 \1$1001SUN0017061$12001 $aPer un atlante della Calabria$eterritorio insediamenti storici manufatti architettonici 463 \1$1001SUN0024709$12001 $aStoria della Calabria nel Rinascimento$ele arti nella storia 463 \1$1001SUN0047501$12001 $a<>Calabria antica 463 \1$1001SUN0047504$12001 $a<<[1.2]: >>Storia della Calabria antica$eetà italica e romana 606 $aCalabria$xStoria$2FI$3SUNC017626 620 $dRoma$3SUNL000360 676 $a945.78$v21 702 1$aCingari$b, Gaetano$3SUNV020764 712 $aGangemi$3SUNV000237$4650 801 $aIT$bSOL$c20181109$gRICA 912 $aSUN0047500 996 $aStoria della Calabria$959934 997 $aUNICAMPANIA